Sports Quiz

Random Sports or World Quiz

World Series Final Batters Quiz Stats

 Plays Quiz not verified by Sporcle

Score 0/55 Timer 10:00
0 Plays Today
Year Batter % Correct
1960 (Home run)Bill Mazeroski
77.2%
2001 (Single to shallow LCF)Luis Gonzalez
75.2%
1993 (Homerun to LF)Joe Carter
74.3%
1997 (Single to CF)Edgar Renteria
69.3%
2004 (Groundout to P)Edgar Renteria
69.3%
2010 (Strikeout)Nelson Cruz
57.4%
2011 (Flyout to LF)David Murphy
54.5%
2003 (Groundout to P (unassisted))Jorge Posada
54.5%
2009 (Groundout to 2B)Shane Victorino
53.5%
2007 (Strikeout)Seth Smith
48.5%
2000 (Flyout to CF)Mike Piazza
47.5%
1966 (Flyout to CF)Lou Johnson
46.5%
1969 (Flyout to LF)Davey Johnson
46.5%
1962 (Lineout to 2B)Willie McCovey
45.5%
1972 (Flyout to LF)Pete Rose
39.6%
1975 (Flyout to CF)Carl Yastrzemski
38.6%
1978 (Foulout to C)Ron Cey
37.6%
2006 (Strikeout)Brandon Inge
36.6%
2014 (Foulout to 3B)Salvador Perez
36.4%
1980 (Strikeout)Willie Wilson
32.7%
1996 (Foulout to 3B)Mark Lemke
32.7%
2002 (Flyout to CF)Kenny Lofton
32.7%
2008 (Strikeout)Eric Hinske
32.7%
1984 (Flyout to LF)Tony Gwynn
29.7%
1992 (Bunt groundout to P)Otis Nixon
28.7%
2012 (Strikeout)Miguel Cabrera
27.3%
1986 (Strikeout)Marty Barrett
25.7%
1987 (Groundout to 3B)Willie McGee
24.8%
Year Batter % Correct
1991 (Single to Deep LCF)Gene Larkin
23.8%
2015 (Strikeout looking)Wilmer Flores
23.5%
1968 (Foulout to C)Tim McCarver
22.8%
1990 (Foulout to 1B)Carney Lansford
22.8%
1964 (Popout to 2B)Bobby Richardson
21.8%
1976 (Flyout to LF)Roy White
21.8%
1982 (Strikeout)Gorman Thomas
21.8%
1995 (Flyout to CF)Carlos Baerga
19.8%
1963 (Groundout to SS)Hector Lopez
18.8%
2013 (Strikeout)Matt Carpenter
18.2%
2005 (Groundout to SS)Orlando Palmeiro
16.8%
1967 (Strikeout)George Scott
15.8%
1977 (Bunt popout to P)Lee Lacy
15.8%
1989 (Groundout to 2B)Brett Butler
15.8%
1998 (Groundout to 3B)Mark Sweeney
13.9%
1983 (Lineout to SS)Garry Maddox
12.9%
1988 (Strikeout)Tony Phillips
12.9%
1999 (Flyout to LF)Keith Lockhart
12.9%
1961 (Flyout to LF)Vada Pinson
10.9%
1985 (Flyout to RF)Andy Van Slyke
10.9%
1965 (Strikeout)Bob Allison
9.9%
1971 (Groundout to SS)Merv Rettenmund
7.9%
1974 (Groundout to P)Von Joshua
5.9%
1981 (Flyout to CF)Bob Watson
5.9%
1970 (Groundout to 3B)Pat Corrales
5%
1973 (Popout to SS)Wayne Garrett
5%
1979 (Flyout to CF)Pat Kelly
5%

You're not logged in!

Compare scores with friends on all Sporcle quizzes.
OR
Log In

Show Comments

Extras

Top Quizzes Today


Score Distribution

Your Account Isn't Verified!

In order to create a playlist on Sporcle, you need to verify the email address you used during registration. Go to your Sporcle Settings to finish the process.

Report this User

Report this user for behavior that violates our Community Guidelines.

Details: